中国所有二级财政城市 - Statistics

General Stats
  • This quiz has been taken 214 times
  • The average score is 24 of 27
Answer Stats
类别 % Correct
直辖市 北京市
99%
直辖市 重庆市
99%
直辖市 上海市
99%
直辖市 天津市
99%
计划单列市 厦门市
99%
计划单列市 深圳市
99%
计划单列市 青岛市
96%
计划单列市 大连市
94%
副省级市 南京市
94%
地级市 苏州市
94%
计划单列市 宁波市
92%
副省级市 杭州市
91%
地级市 无锡市
91%
地级市 常州市
90%
副省级市 武汉市
89%
副省级市 济南市
88%
副省级市 沈阳市
88%
地级市 连云港市
87%
地级市 南通市
87%
地级市 徐州市
87%
地级市 扬州市
86%
地级市 泰州市
85%
地级市 淮安市
83%
地级市 宿迁市
83%
地级市 盐城市
82%
地级市 镇江市
82%
地级市 郑州市
64%
No matching quizzes found
Score Distribution
Percent of People with Each Score
Percentile by Number Answered
Your Score History
You have not taken this quiz